000 00740nam a2200229Ia 4500
003 OSt
005 20221007071549.0
006 a|||||r|||| 00| 0
007 ta
008 221006b |||||||| |||| 00| 0 eng d
020 _a0709902123
024 _a15,440
037 _cReports / Technical Reports
040 _aFLL
_cFLL
_beng
041 _2eng
_aeng
082 _aX425.1.N79, L9
245 0 _aInternational conference helf under the auspices of the british shippers' council London Hilton-June 19th and 20th, 1979 Shipping 2000
260 _aLondon
_bCharterhouse Conferences Ltd. London
_c1979
300 _a124p
_ccm.
942 _hX425.1.N79, L9
_cREP
_2CC
999 _c1143694
_d1143694